Statistiques concernant Géographie de Lyon sur une carte.

Cliquez ici pour prendre le quiz!

Statistiques générales

  • Ce quiz a été pris 342 fois
  • Le résultat moyen est 14 sur 31

Réponses sur la Carte

Les réponses sont colorées sur une échelle allant du rouge au vert en fonction du pourcentage des utilisateurs qui les ont devinées à leur premier essai. Vous pouvez retrouver ces pourcentages ci-dessous.
 

Statistiques - réponses

IndiceRéponse% Correct
GaresGare de Lyon-Part-Dieu
92%
Monuments, musées et lieux importantsTour Part-Dieu
91%
ParcsParc de la Tête d'or
90%
PlacesPlace Bellecour
88%
GaresGare de Lyon-Perrache
87%
Lieux de cultesBasilique Notre-Dame de Fourvière
86%
GaresGare de Lyon-Vaise
75%
Monuments, musées et lieux importantsMusée des Confluences
73%
GaresGare de Lyon-Jean-Macé
60%
Lieux de cultesPrimatiale Saint-Jean de Lyon
59%
PlacesPlace des Terreaux
57%
GaresGare de Lyon-Saint-Paul
54%
PontsPont de la Guillotière
52%
GaresGare de Lyon-Gorge-de-Loup
51%
Monuments, musées et lieux importantsHôtel de ville de Lyon
42%
Lieux de cultesGrande Mosquée de Lyon
41%
PlacesPlace des Jacobins
39%
ParcsParc Blandan
38%
Monuments, musées et lieux importantsTour Incity
34%
Monuments, musées et lieux importantsMusée des Beaux-Arts de Lyon
33%
Autres lieuxGros Caillou
26%
Monuments, musées et lieux importantsMusée Miniature et Cinéma
19%
PontsPont Bonaparte
16%
PontsPont Lafayette
14%
Autres lieuxMatmut Stadium
13%
ParcsParc des Hauteurs
8%
PontsPont de Lattre-de-Tassigny
5%
ParcsParc de la Cerisaie
4%
PontsPont Clemenceau
4%
Monuments, musées et lieux importantsFort Montluc
3%
ParcsEsplanade Nelson-Mandela
2%

Distribution des résultats

Percentile par nombre de réponses

% des personnes avec chaque résultat

Votre développement - résultats

Vous n’avez pas pris ce quiz